| 000 | 00628nam a2200229 a 4500 | ||
|---|---|---|---|
| 005 | 20210219153111.0 | ||
| 008 | 991125n 000 0 u | ||
| 035 | _aUPN01000078033 | ||
| 100 | 1 | _aPsacharopoulos, George | |
| 222 | _aCOMPARATIVE EDUCATION REVIEW | ||
| 245 | _aEthnicity, education, and earnings in Bolivia and Guatemala | ||
| 300 | _a9-20 | ||
| 362 | _a37, No. 1, 1993 | ||
| 505 | _aJulio 1993 | ||
| 653 | 0 | _aCOMPARACION DEL ESTATUS EDUCATIVO | |
| 653 | 0 | _aETHNICITY | |
| 653 | 0 | _aINGRESOS | |
| 653 | 0 | _aLOGRO EDUCATIVO | |
| 653 | 0 | _aPOBLACION INDIGENA | |
| 904 |
_aAC _b015844 |
||
| 905 | _aArticulo | ||
| 999 |
_c68443 _d68443 |
||